000 00332nam a22001457a 4500
008 210301b ||||| |||| 00| 0 eng d
020 _a308670059588g
041 _aeng
080 _a338
082 _a338
100 _a53
101 _aMEN
245 _aAn MBO Approach to Long-Range Planning
_cMigliore, R. H
942 _2udc
_cBK
999 _c55333
_d55333